| 000 | 00542nam a2200193 i 4500 | ||
|---|---|---|---|
| 001 | 142561 | ||
| 003 | ES-MaACL | ||
| 005 | 20250907063113.0 | ||
| 007 | t| | ||
| 008 | 071008s1960 sp ||||1| cat d | ||
| 100 | 1 |
_aVillalonga, Llorenç, _d1897-1980 _9114975 |
|
| 245 | 1 | 2 |
_aL'angel rebel _b: novel-la / _cLlorenç Villalonga. |
| 260 |
_aPalma de Mallorca : _bMoll, _c[1960] |
||
| 300 |
_a149 p. ; _c14 cm. |
||
| 490 | 1 | _aRaixa | |
| 830 | 0 |
_aRaixa _9181953 |
|
| 852 |
_aES-MaACL _jC-19538 _bR.47361 |
||
| 999 |
_c142561 _d142561 |
||